Statistics for Legend of Zelda Equipment (Home Consoles)

Click here to take the quiz!

General Stats

  • This quiz has been taken 99 times
    (24 since last reset)
  • The average score is 92 of 243

Answer Stats

Game Items % Correct
LttPMaster Sword
100%
SSMaster Sword
100%
OoTMaster Sword
100%
TPMaster Sword
100%
WWMaster Sword
100%
LttPBow and Arrow
94%
LoZBomb
89%
OoTBomb
89%
SSBomb
89%
TPBomb
89%
MMBomb
89%
WWBomb
89%
LttPBombs
89%
OoTHookshot
83%
MMHookshot
83%
OoTHylian Shield
83%
LttPHookshot
83%
WWHookshot
83%
TPHylian Shield
83%
SSHylian Shield
83%
LoZBow and Arrow
83%
SSBow
83%
TPBottle
78%
OoTBottle
78%
MMBottle
78%
LttPBottle
78%
WWBottle
78%
AoLFire Spell
78%
SSBottle
78%
LttPBoomerang
72%
MMFire Arrow
72%
OoTBoomerang
72%
OoTIce Arrow
72%
WWIce Arrow
72%
WWFire Arrow
72%
WWBoomerang
72%
MMIce Arrow
72%
OoTOcarina of Time
72%
LoZBoomerang
72%
MMOcarina of Time
72%
OoTFire Arrow
72%
TPWooden Sword
67%
MMMirror Shield
67%
MMLight Arrow
67%
OoTLight Arrow
67%
LttPMirror Shield
67%
WWMirror Shield
67%
SSClawshots
67%
LoZWooden Sword
67%
TPClawshot
67%
WWLight Arrow
67%
OoTMirror Shield
67%
LoZWooden Shield
61%
TPIron Boots
61%
OoTIron Boots
61%
AoLFairy Spell
61%
TPWooden Shield
61%
OoTKokiri Sword
61%
SSWooden Shield
61%
MMKokiri Sword
61%
WWIron Boots
61%
OoTHover Boots
56%
OoTBombchu
56%
OoTDeku Shield
56%
OoTKokiri Tunic
56%
MMBombchu
56%
TPSlingshot
56%
SSSlingshot
56%
TPMagic Armor
50%
AoLShield Spell
50%
OoTLens of Truth
50%
SSWhip
50%
TPBall and Chain
50%
OoTZora's Tunic
50%
OoTGoron's Tunic
50%
OoTFairy Ocarina
50%
OoTMegaton Hammer
50%
OoTLongshot
50%
AoLHammer
50%
LttPPegasus Boots
50%
MMLens of Truth
50%
WWMagic Armor
50%
TPDouble Clawshot
44%
LoZWhite Sword
44%
TPGale Boomerang
44%
WWWind Waker
44%
AoLCandle
44%
SSGoddess White Sword
44%
LttPHero's Clothes
44%
WWGrappling Hook
39%
WWSkull Hammer
39%
WWDeku Leaf
39%
LoZRed Ring
39%
TPSpinner
39%
WWHero's Bow
39%
TPHero's Bow
39%
TPHawkeye
39%
OoTKokiri Boots
39%
MMHero's Bow
39%
WWPower Bracelets
39%
TPFishing Rod
39%
LoZBlue Ring
39%
LttPBlue Mail
39%
OoTBiggorons Sword
39%
LttPCane of Somaria
39%
LttPRed Mail
39%
OoTGiants Knife
39%
LoZPower Bracelet
39%
LoZMagical Sword
39%
LoZMagical Shield
39%
LoZRaft
33%
LoZMagical Boomerang
33%
SSGoddess Sword
33%
TPOrdon Sword
33%
AoLRaft
33%
TPLantern
33%
TPWater Bomb
33%
OoTSilver Gauntlets
33%
WWPicto Box
33%
LttPFire Rod
33%
OoTGolden Gauntlets
33%
OoTZora Mask
33%
OoTGoron Mask
33%
OoTFairy Bow
33%
OoTKeaton Mask
33%
LttPLantern
33%
LttPZora's Flippers
28%
WWSail
28%
LttPTempered Sword
28%
WWHero's Shield
28%
WWHero's Sword
28%
LttPPower Glove
28%
SSSacred Shield
28%
OoTGoron's Bracelet
28%
SSIron Shield
28%
LttPIce Rod
28%
LttPFlute
28%
TPOrdon Shield
28%
SSBeetle
28%
MMGilded Sword
28%
MMHero's Shield
28%
AoLFlute
28%
AoLBoots
22%
AoLMagical Shield
22%
SSGoddess Longsword
22%
LoZBlue Candle
22%
WWSpoils Bag
22%
OoTMagic Beans
22%
TPZora Armor
22%
LttPShovel
22%
LttPRed Shield
22%
LttPMagic Hammer
22%
TPHero's Clothes
22%
LttPQuake Medallion
22%
LttPCane of Byrna
22%
LttPEther Medallion
22%
LttPBook of Mudora
22%
MMMagic Beans
22%
LttPMagic Cape
22%
LttPMoon Pearl
22%
LttPMagic Mirror
22%
MMRazor Sword
22%
OoTBunny Hood
22%
OoTSkull Mask
22%
LttPBug Catching Net
22%
LttPMagic Powder
22%
LttPBombos Medallion
22%
OoTMask of Truth
22%
LoZBook of Magic
17%
LoZMagical Rod
17%
LttPMushroom
17%
AoLMagical Key
17%
LoZRecorder
17%
SSBug Net
17%
LoZMagical Key
17%
LoZRed Candle
17%
OoTGerudo Mask
17%
TPOoccoo
17%
WWTingle Tuner
17%
TPBombling
17%
LttPFighters Shield
17%
LttPGolden Sword
17%
WWTelescope
17%
LttPFighters Sword
17%
SSReinforced Shield
17%
WWDelivery Bag
17%
WWBait Bag
17%
LttPTitans Mitt
17%
OoTSpooky Mask
17%
LoZ2nd Potion
17%
SSPractice Sword
11%
SSHook beetle
11%
OoTGolden Scale
11%
SSTrue Master Sword
11%
SSGoddess Shield
11%
SSBraced Shield
11%
SSGust Bellows
11%
OoTSilver Scale
11%
SSSailcloth
11%
LoZStepladder
11%
AoLWater of Life
11%
WWHyoi Pear
11%
WWAll Purpose Bait
11%
WWHero's Charm
11%
LttPMedicine of Life and Magic
11%
WWHDTingle Bottle
11%
AoLLife Spell
11%
WWHDSwift Sail
11%
WWPirates Charm
11%
AoLThunder Spell
6%
SSBanded Shield
6%
AoLSpell Spell
6%
SSFortified Shield
6%
LttPMedicine of Life
6%
SSDivine Shield
6%
AoLJump Spell
6%
WWDeluxe Picto Box
6%
MMGreat Fairy Sword
6%
SSScattershot
6%
LoZLife Potion
6%
SSGoddess Harp
6%
LttPMedicine of Magic
6%
AoLHandy Glove
6%
TPHDGhost Lantern
6%
TPHorse Call
6%
SSQuick Beetle
6%
SSTough Beetle
6%
SSIron Bow
6%
SSBig Bug Net
6%
TPDominon Rod
6%
SSDigging Mitts
6%
SSMogma Mitts
6%
TPCoral Earring
6%
AoLMagical Sword
6%
AoLTrophy
0%
SSSacred Bow
0%
AoLKidnapped Child
0%
AoLCross
0%
AoLReflect Spell
0%
SSWater Dragon's Scale
0%
OoTFairy Slingshot
0%
SSFireshield Earrings
0%
MMPictograph Box
0%

Score Distribution

Percentile by Number Answered

Percent of People with Each Score

Your Score History

You have not taken this quiz since the last reset